| 000 | 00540nam a22002177a 4500 | ||
|---|---|---|---|
| 003 | Nust | ||
| 005 | 20211230103855.0 | ||
| 008 | 170115b xxu||||| |||| 00| 0 eng d | ||
| 020 | _a9788131726952 | ||
| 038 | _aKhadija | ||
| 040 | _c. | ||
| 082 |
_a621.367028 _bGON |
||
| 100 |
_aGonzalez C. Rafael _987128 |
||
| 245 |
_aDigital Image Processing / _cRafael C. Gonzalez |
||
| 250 | _a3rd | ||
| 260 |
_aNew Dehli: _bDorling Kindersley; _c2009. |
||
| 300 |
_a954p. ; _b23 cm. |
||
| 500 | _apaperback. | ||
| 563 | _aPB | ||
| 942 |
_cBK _2ddc |
||
| 999 |
_c32286 _d32286 |
||